Practical horticulture

Đã lưu trong:
Bibliografiske detaljer
Hovedforfatter: Rice, Laura Williams
Format: Bog
Sprog:Undetermined
Udgivet: New Jersey Pearson Prentical Hall 2006
Fag:
Tags: Tilføj Tag
Ingen Tags, Vær først til at tagge denne postø!
Thư viện lưu trữ: Trung tâm Học liệu Trường Đại học Cần Thơ
LEADER 00524nam a2200193Ia 4500
001 CTU_117429
008 210402s9999 xx 000 0 und d
020 |c 68.54 
082 |a 635 
082 |b R496 
100 |a Rice, Laura Williams 
245 0 |a Practical horticulture 
245 0 |c Laura Williams Rice 
260 |a New Jersey 
260 |b Pearson Prentical Hall 
260 |c 2006 
650 |a Horticulture,Gardening,Indoor gardening 
904 |i Truc 
980 |a Trung tâm Học liệu Trường Đại học Cần Thơ